000 01899cam a22003973a 4500
999 _c529876
_d529876
001 14173125
003 NUST
005 20191004111914.0
008 051118s2006 dcuad b f000 0 eng d
010 _a 2005937611
020 _a0309097630 (pbk.)
035 _a(CStRLIN)PAUGV4016752-B
035 _a(PU)4016752
038 _aMSOHAIL
040 _aTRL
_cTRL
_dDAY
_dDLC
043 _an-us---
050 0 0 _aMLCM 2006/41485 (T)
082 _a0
100 1 _aFriedman, Bruce E.
_922877
245 1 0 _aPavement markings :
_bdesign and typical layout details /
_cconsultant, Bruce E. Friedman.
260 _aWashington, D.C. :
_bTransportation Research Board,
_c2006.
300 _a138 p. :
_bill., charts ;
_c28 cm.
490 1 _aNCHRP synthesis,
_x0547-5570 ;
_v356
500 _aAt head of title: National Cooperative Highway Research Program.
500 _a"Research sponsored by the American Association of State Highway and Transportation Officials in cooperation with the Federal Highway Administration."
504 _aIncludes bibliographical references.
650 0 _aRoad markings
_zUnited States.
_922488
710 2 _aNational Cooperative Highway Research Program.
_920864
710 2 _aAmerican Association of State Highway and Transportation Officials.
_919553
710 2 _aNational Research Council (U.S.).
_bTransportation Research Board.
_922878
830 0 _aSynthesis of highway practice ;
_v356.
_922879
906 _a7
_bcbc
_ccopycat
_d2
_encip
_f20
_gy-gencatlg
942 _2ddc
_cBK